Statistics for Smallest Countries By Area

Click here to take the quiz!

General Stats

  • This quiz has been taken 27 times
  • The average score is 9 of 12

Answer Stats

HintAnswer% Correct
1.Vatican City
96%
2.Monaco
88%
5.San Marino
88%
6.Liechtenstein
81%
3.Nauru
77%
8.Saint Kitts And Nevis
77%
4.Tuvalu
77%
10.Malta
69%
11.Grenada
65%
9.Maldives
65%
7.Marshall Islands
62%
12.Saint Vincent And Grenadines
23%

Score Distribution

Percentile by Number Answered

Percent of People with Each Score

Your Score History

You have not taken this quiz